[Event "EWIRCC 2019"]
[Site "Monte-Carlo"]
[Date "2019.12.01"]
[Round "10.19"]
[White "Babiy, Olga"]
[Black "Antova, Gabriela"]
[Result "0-1"]
[WhiteElo "2249"]
[BlackElo "2314"]
[Annotator "NA"]
[PlyCount "96"]
[EventDate "2019.11.28"]
[EventType "swiss"]
[EventCountry "MNC"]
[SourceTitle "playchess.com"]
[Source "ChessBase"]
[SourceQuality "1"]
[TimeControl "5400+30"]

1. e4 {[%emt 1:15:10]} c5 {[%emt 1:15:13]} 2. Nf3 {[%emt 0:00:21]} d6 {[%emt 0:15:47]} 3. d4 cxd4 {[%emt 0:00:00]} 4. Nxd4 {[%emt 0:00:41]} Nf6 {[%emt 0:00:00]} 5. Nc3 {[%emt 0:00:21]} a6 {[%emt 0:00:00]} 6. Be3 {[%emt 0:00:25]} e6 {[%emt 0:00:00]} 7. Be2 {[%emt 0:00:37]} Be7 {[%emt 0:00:00]} 8. f4 {[%emt 0:01:24]} Qc7 {[%emt 0:00:00]} 9. Qd2 {[%emt 0:00:43]} b5 {[%emt 0:00:00]} 10. Bf3 {[%emt 0:00:22]} Bb7 {[%emt 0:00:00]} 11. a3 {[%emt 0:01:39]} Nbd7 {[%emt 0:00:00]} 12. f5 {[%emt 0:03:24]} e5 {[%emt 0:00:00]} 13. Nde2 {[%emt 0:01:04]} Nb6 {[%emt 0:00:00]} 14. b3 {[%emt 0:00:41]} Rc8 {[%emt 0:00:00]} 15. g4 {[%emt 0:00:34]} h6 {[%emt 0:00:00]} 16. h4 {[%emt 0:00:22]} h5 {[%emt 0:01:29]} 17. g5 {[%emt 0:01:01]} Ng4 {[%emt 0:00:20]} 18. Bxg4 {[%emt 0:01:13]} hxg4 {[%emt 0:00:22]} 19. Kf2 {[%emt 0:00:21]} d5 {[%emt 0:01:03]} 20. exd5 {[%emt 0:04:25]} b4 {[%emt 0:00:20]} 21. axb4 {[%emt 0:01:15]} Bxb4 {[%emt 0:00:22]} 22. Qd3 {[%emt 0:00:20]} Bxc3 {[%emt 0:01:51]} 23. Nxc3 {[%emt 0:00:32]} Nxd5 {[%emt 0:01:24]} 24. Nxd5 {[%emt 0:00:58]} Qxc2+ {[%emt 0:00:21]} 25. Qd2 {[%emt 0:01:17]} Bxd5 {[%emt 0:00:58]} 26. Rhc1 {[%emt 0:00:40]} Qxf5+ {[%emt 0:01:46]} 27. Kg1 {[%emt 0:00:32]} Rd8 {[%emt 0:00:33]} 28. Qh2 {[%emt 0:01:28]} Qe4 {[%emt 0:00:52]} 29. Re1 {[%emt 0:01:04]} Rxh4 {[%emt 0:00:45]} 30. Bb6 {[%emt 0:00:21]} Rxh2 {[%emt 0:01:10]} 31. Rxe4 {[%emt 0:00:21]} g3 {[%emt 0:00:21]} 32. Rxe5+ {[%emt 0:02:24]} Kf8 {[%emt 0:00:20]} 33. Rxd5 {[%emt 0:00:00]} Rxd5 {[%emt 0:00:21]} 34. Bc7 {[%emt 0:00:00]} Rxg5 {[%emt 0:00:32]} 35. Rxa6 {[%emt 0:00:18]} Kg8 {[%emt 0:00:30]} 36. b4 {[%emt 0:00:33]} Rb2 {[%emt 0:00:26]} 37. Ra3 {[%emt 0:00:55]} Rd5 {[%emt 0:00:29]} 38. Ra1 {[%emt 0:00:21]} Rbd2 {[%emt 0:00:26]} 39. Ra8+ {[%emt 0:00:29]} Kh7 {[%emt 0:00:21]} 40. Bxg3 {[%emt 0:00:21]} Rg5 {[%emt 0:00:31]} 41. Ra3 {[%emt 0:00:23]} Rb2 {[%emt 0:00:22]} 42. Kf1 {[%emt 0:00:25]} Rxb4 {[%emt 0:00:24]} 43. Kf2 {[%emt 0:00:23]} Rgb5 {[%emt 0:00:30]} 44. Ra7 {[%emt 0:00:28]} Rb7 {[%emt 0:00:26]} 45. Ra8 {[%emt 0:00:22]} f6 {[%emt 0:00:39]} 46. Kf3 {[%emt 0:00:28]} g5 {[%emt 0:00:26]} 47. Ra6 {[%emt 0:00:30]} Kg6 {[%emt 0:00:25]} 48. Bf2 {[%emt 0:00:22]} Rf4+ {[%emt 0:00:31]} 0-1

[Event "EWIRCC 2019"]
[Site "Monte-Carlo"]
[Date "2019.12.01"]
[Round "10.20"]
[White "Janzelj, Lara"]
[Black "Leconte, Maria"]
[Result "1-0"]
[WhiteElo "2158"]
[BlackElo "2244"]
[Annotator "NA"]
[PlyCount "61"]
[EventDate "2019.11.28"]
[EventType "swiss"]
[EventCountry "MNC"]
[SourceTitle "playchess.com"]
[Source "ChessBase"]
[SourceQuality "1"]
[TimeControl "5400+30"]

1. d4 {[%emt 1:15:12]} Nf6 {[%emt 1:15:12]} 2. c4 {[%emt 0:00:21]} d6 {[%emt 0:00:21]} 3. Nf3 {[%emt 0:00:25]} Nbd7 {[%emt 0:00:23]} 4. Nc3 {[%emt 0:00:23]} e5 {[%emt 0:00:51]} 5. e4 {[%emt 0:00:22]} c6 {[%emt 0:00:27]} 6. Be3 {[%emt 0:00:36]} g6 {[%emt 0:00:23]} 7. Be2 {[%emt 0:00:31]} Bg7 {[%emt 0:00:23]} 8. h3 {[%emt 0:00:34]} O-O {[%emt 0:00:30]} 9. d5 {[%emt 0:00:22]} Qc7 {[%emt 0:00:43]} 10. g4 {[%emt 0:00:30]} Nc5 {[%emt 0:01:09]} 11. Nd2 {[%emt 0:01:19]} a5 {[%emt 0:02:01]} 12. h4 {[%emt 0:01:03]} b5 {[%emt 0:01:45]} 13. dxc6 {[%emt 0:01:21]} bxc4 {[%emt 0:00:46]} 14. g5 {[%emt 0:00:40]} Nh5 {[%emt 0:01:09]} 15. Nd5 {[%emt 0:02:09]} Qd8 {[%emt 0:00:35]} 16. Bxc5 {[%emt 0:00:55]} dxc5 {[%emt 0:00:23]} 17. Bxh5 {[%emt 0:00:58]} gxh5 {[%emt 0:00:22]} 18. Qxh5 {[%emt 0:00:46]} Ra6 {[%emt 0:03:27]} 19. Rg1 {[%emt 0:05:34]} Rxc6 {[%emt 0:00:31]} 20. Nf6+ {[%emt 0:00:22]} Rxf6 {[%emt 0:00:21]} 21. gxf6 {[%emt 0:00:21]} Qxf6 {[%emt 0:00:22]} 22. O-O-O {[%emt 0:01:29]} Be6 {[%emt 0:02:35]} 23. Qg5 {[%emt 0:01:21]} Kh8 {[%emt 0:00:33]} 24. Rg3 {[%emt 0:01:41]} h6 {[%emt 0:02:17]} 25. Qe3 {[%emt 0:00:41]} Qxh4 {[%emt 0:01:34]} 26. Rdg1 {[%emt 0:00:32]} Bf6 {[%emt 0:00:39]} 27. Qxc5 {[%emt 0:00:40]} Rc8 {[%emt 0:01:16]} 28. Qe3 {[%emt 0:00:45]} c3 {[%emt 0:00:38]} 29. bxc3 {[%emt 0:00:21]} Bg5 {[%emt 0:00:33]} 30. Qf3 {[%emt 0:00:34]} Rd8 {[%emt 0:00:44]} 31. Rxg5 {[%emt 0:00:30]} 1-0